000 01257cam a22003494a 4500
999 _c7935
_d7935
001 12847292
003 GZU
005 20210513112322.0
008 020709s2003 nhuab b 001 0 eng
010 _a 2002027620
020 _a032500255X (alk. paper)
020 _a0325002541 (pbk. : alk. paper)
040 _aDLC
_cDLC
_dDLC
042 _apcc
043 _afb-----
050 0 0 _aHQ1090.5 MEN 2003
_bM45 2003
082 0 0 _a305.31/0967
_221
245 0 0 _aMen and masculinities in modern Africa /
_cedited by Lisa A. Lindsay and Stephan F. Miescher.
260 _aPortsmouth, NH :
_bHeinemann,
_cc2003.
300 _avi, 265 p. :
_bill., map ;
_c24 cm.
440 0 _aSocial history of Africa,
_x1099-8098
500 _aIncludes bibliography
504 _aIncludes bibliographical references and index.
650 0 _aMen
_zAfrica, Sub-Saharan.
650 0 _aMasculinity
_zAfrica, Sub-Saharan.
650 0 _aMasculinity
_zAfrica, Sub-Saharan
_xHistory.
700 1 _aLindsay, Lisa A.
700 1 _aMiescher, Stephan.
906 _a7
_bcbc
_corignew
_d1
_eocip
_f20
_gy-gencatlg
942 _2lcc
_cBK
_h1090.5
_iMEN
_kHQ